000 00567nam a2200193 i 4500
001 58382
003 ES-MaACL
005 20250916063041.0
007 t|
008 031022s1934 fr |||| | fre d
080 _a821.133.1-31"19"
100 1 _aDuhamel, Georges,
_d1884-1966
_945938
245 1 0 _aChronique des Pasquier
_b: le jardin des bêtes sauvages : roman /
_cGeorges Duhamel.
250 _a26e éd.
260 _aParís :
_b[s.n.],
_c1934 (
_fMarc Texier)
300 _a315 p. ;
_c19 cm.
852 _aES-MaACL
_jB-8854
999 _c58382
_d58382